000 00693cam a2200181 4500
001 X102784
008 000000n1999 000 0 eng u
035 _a(Sirsi) u102784
041 0 _aeng
245 0 0 _aHighways
260 _c1999
490 0 _aEstates Gazette Case Summaries
_v[1999] EGCS 127 9945(1)
520 _aChD, 26 October 1999. Considered whether the use of a stone buttress built on private land next to highway as a viewing platform over picturesque valley amounted to implied dedication and acceptance of public highway.
650 2 4 _aSKRENTY AND ANOTHER V HARROGATE BC AND OTHERS
651 4 _aEngland and Wales
_y1543-
690 _aBoundary disputes
_96221
942 _n0
999 _c61759
_d61759